logo

Bir Sreshtho Munshi Abdur Rouf Library
Jhenaidah Cadet College

মাটি ও মানুষের চাষবাস / (Record no. 4044)

MARC details
000 -LEADER
fixed length control field 00673nam a22002297a 4500
001 - CONTROL NUMBER
JCCL Control Number 4044
003 - CONTROL NUMBER IDENTIFIER
JCCL marc code BD-JhCC
005 - DATE AND TIME OF LATEST TRANSACTION
control field 20171122181735.0
008 - FIXED-LENGTH DATA ELEMENTS--GENERAL INFORMATION
fixed length control field 171122s2006 bg ao||| |||| 00| 0 beg d
020 ## - INTERNATIONAL STANDARD BOOK NUMBER
International Standard Book Number 9844125804
035 ## - SYSTEM CONTROL NUMBER
system control number (BD-JhCC)4044
040 ## - CATALOGING SOURCE
Original cataloging agency BD-JhCC
Modifying agency BD-JhCC
041 ## - LANGUAGE CODE
Language code of Book ben
082 ## - DEWEY DECIMAL CLASSIFICATION NUMBER
Classification number 631.5
Author mark and Year SIR 2006
100 ## - MAIN ENTRY--PERSONAL NAME
Personal name সিরাজ, শাইখ
245 ## - TITLE STATEMENT
Title মাটি ও মানুষের চাষবাস /
Statement of responsibility, etc শাইখ সিরাজ
260 ## - PUBLICATION, DISTRIBUTION, ETC. (IMPRINT)
Place of publication, distribution, etc ঢাকা :
Name of publisher, distributor, etc অনন্যা,
Date of publication, distribution, etc ২০০৬.
300 ## - PHYSICAL DESCRIPTION
Pagination ১৮৯ পৃ. :
Other physical details ill. ;
Dimensions ২১ সেমি.
650 ## - SUBJECT ADDED ENTRY--TOPICAL TERM
Topical term or geographic name as entry element Cultivation
942 ## - ADDED ENTRY ELEMENTS (KOHA)
Source of classification or shelving scheme Dewey Decimal Classification
Koha item type Books
Holdings
Source of classification or shelving scheme Damaged status Not for loan Home library Current library Shelving location Date of accession Source of acquisition Cost, normal purchase price Total Checkouts Full call number Barcode Date last seen Copy number Koha item type
Dewey Decimal Classification     JCC Rouf Library JCC Rouf Library General Stacks 11/22/2017 Foundation of Tenth's Efforts 300.00   631.5 SIR 2006 5721 11/22/2017 C-1 Books
Dewey Decimal Classification     JCC Rouf Library JCC Rouf Library General Stacks 11/26/2017 Foundation of Tenth's Efforts 300.00   631.5 SIR 2006 6166 11/26/2017 C-2 Books

JCC Library | Contacts | JCC Home

Last Update on 23 September 2017
Copyright @ 2017-2020 JCC Rouf Library
Rouf Library, Jhenidah Cadet College (JCC), Bangladesh